[Event "Oakham House"]
[Site "Toronto CAN"]
[Date "1988.??.??"]
[Round "8"]
[White "Schulte, Oliver"]
[Black "Stone, Raymond"]
[Result "1-0"]
[WhiteElo "2440"]
[BlackElo "2415"]
[PlyCount "34"]
[GameId "2160767912520054"]
[EventDate "1988.12.30"]
[EventType "tourn"]
[EventRounds "11"]
[EventCountry "CAN"]
[SourceTitle "EXT 1997"]
[Source "ChessBase"]
[SourceDate "1996.11.15"]
[SourceVersion "1"]
[SourceVersionDate "1996.11.15"]
[SourceQuality "1"]

1. d4 Nf6 2. c4 e6 3. Nf3 c5 4. e3 d5 5. Nc3 Nc6 6. cxd5 exd5 7. Be2 cxd4 8. Nxd4 Bd6 9. O-O O-O 10. b3 Be5 11. Nxc6 bxc6 12. Bb2 Qc7 13. g3 Bh3 14. Re1 Qd7 15. Rc1 Ne4 16. Bd3 Qf5 17. f3 Bxc3 1-0

[Event "Oakham House"]
[Site "Toronto CAN"]
[Date "1988.12.??"]
[Round "8"]
[White "Mastrokoukos, Georgios"]
[Black "Nickoloff, Bryon"]
[Result "0-1"]
[WhiteElo "2240"]
[BlackElo "2435"]
[PlyCount "60"]
[GameId "2160767912520056"]
[EventDate "1988.12.30"]
[EventType "tourn"]
[EventRounds "11"]
[EventCountry "CAN"]
[SourceTitle "EXT 88b"]

1. e4 e5 2. Nf3 Nc6 3. Bc4 Nf6 4. d4 exd4 5. e5 d5 6. Bb5 Ne4 7. Nxd4 Bd7 8. Bxc6 bxc6 9. O-O Bc5 10. f3 Ng5 11. f4 Ne4 12. Be3 Bb6 13. Nd2 Nxd2 14. Qxd2 c5 15. Nf3 d4 16. Bf2 Bc6 17. Bh4 Qd5 18. f5 Qe4 19. Rae1 Qxf5 20. Nxd4 Qd7 21. e6 Qxd4+ 22. Qxd4 cxd4 23. Rxf7 d3+ 24. Kh1 d2 25. Rd1 Be3 26. Rxg7 Bb5 27. Rxc7 O-O 28. c4 Rac8 29. Rxc8 Rxc8 30. b3 Be8 0-1

[Event "Oakham House"]
[Site "Toronto CAN"]
[Date "1988.??.??"]
[Round "9"]
[White "O'Donnell, Tom"]
[Black "Day, Lawrence"]
[Result "1/2-1/2"]
[WhiteElo "2340"]
[BlackElo "2375"]
[PlyCount "32"]
[GameId "2160767912520059"]
[EventDate "1988.12.30"]
[EventType "tourn"]
[EventRounds "11"]
[EventCountry "CAN"]
[SourceTitle "EXT 1997"]
[Source "ChessBase"]
[SourceDate "1996.11.15"]
[SourceVersion "1"]
[SourceVersionDate "1996.11.15"]
[SourceQuality "1"]

1. e4 e5 2. Nf3 Nc6 3. Bb5 Qf6 4. O-O Bc5 5. d3 h6 6. c3 Nge7 7. Be3 Bb6 8. Nbd2 d6 9. a4 O-O 10. b4 Bg4 11. a5 Bxe3 12. fxe3 a6 13. Bc4 Qg6 14. Qe1 Be6 15. Nh4 Qh7 16. Qg3 Bxc4 1/2-1/2

[Event "Oakham House"]
[Site "Toronto CAN"]
[Date "1988.??.??"]
[Round "9"]
[White "Stone, Raymond"]
[Black "Stopa, John Russell"]
[Result "0-1"]
[WhiteElo "2415"]
[BlackElo "2290"]
[PlyCount "67"]
[GameId "2160767912520060"]
[EventDate "1988.12.30"]
[EventType "tourn"]
[EventRounds "11"]
[EventCountry "CAN"]
[SourceTitle "EXT 1997"]
[Source "ChessBase"]
[SourceDate "1996.11.15"]
[SourceVersion "1"]
[SourceVersionDate "1996.11.15"]
[SourceQuality "1"]

1. d4 d5 2. c4 c6 3. Nf3 Nf6 4. Nc3 e6 5. Bg5 dxc4 6. e4 b5 7. a4 Bb4 8. e5 h6 9. exf6 hxg5 10. fxg7 Rg8 11. g3 Bb7 12. Bg2 Nd7 13. O-O a6 14. Ne4 Rxg7 15. b3 g4 16. Ne5 f5 17. Nxd7 Rxd7 18. bxc4 fxe4 19. Qxg4 Qf6 20. axb5 cxb5 21. Bxe4 Ke7 22. Bxb7 Rxb7 23. Qe4 Rab8 24. Rxa6 Qf5 25. Qh4+ Kf7 26. d5 Be7 27. Qd4 exd5 28. cxd5 Bf6 29. Qd1 b4 30. Qb3 Kg7 31. Rc6 Ra8 32. Qc4 Qe5 33. Qg4+ Qg5 34. Qc4 0-1

[Event "Oakham House"]
[Site "Toronto CAN"]
[Date "1988.12.??"]
[Round "9"]
[White "Nickoloff, Bryon"]
[Black "Schulte, Oliver"]
[Result "1-0"]
[WhiteElo "2435"]
[BlackElo "2405"]
[PlyCount "77"]
[GameId "2160767912520062"]
[EventDate "1988.12.30"]
[EventType "tourn"]
[EventRounds "11"]
[EventCountry "CAN"]
[SourceTitle "EXT 88b"]

1. d4 Nf6 2. c4 e6 3. Nf3 c5 4. d5 exd5 5. cxd5 d6 6. Nc3 g6 7. Nd2 Bg7 8. e4 O-O 9. Be2 Re8 10. O-O Na6 11. f3 Nc7 12. a4 b6 13. Nc4 Ba6 14. Bg5 h6 15. Be3 Qd7 16. Qd2 Bxc4 17. Bxc4 Kh7 18. Rfe1 a6 19. Bf1 b5 20. Ra2 Reb8 21. Rea1 b4 22. Nd1 b3 23. Ra3 Rb4 24. Qc1 Re8 25. Bd2 Nxe4 26. fxe4 Rbxe4 27. Rxb3 Nxd5 28. Rf3 Bd4+ 29. Kh1 Nf6 30. Bc3 Ng4 31. Bxd4 Rxd4 32. Nf2 Ne5 33. Rf4 Rb4 34. Rxb4 cxb4 35. Qf4 Qa7 36. Ne4 Nc6 37. Nxd6 Kg7 38. Nc4 g5 39. Qd6 1-0

[Event "Oakham House"]
[Site "Toronto CAN"]
[Date "1988.??.??"]
[Round "10"]
[White "Schulte, Oliver"]
[Black "Fuster, Geza"]
[Result "1-0"]
[WhiteElo "2440"]
[BlackElo "2235"]
[PlyCount "79"]
[GameId "2160767912520066"]
[EventDate "1988.12.30"]
[EventType "tourn"]
[EventRounds "11"]
[EventCountry "CAN"]
[SourceTitle "EXT 1997"]
[Source "ChessBase"]
[SourceDate "1996.11.15"]
[SourceVersion "1"]
[SourceVersionDate "1996.11.15"]
[SourceQuality "1"]

1. d4 d5 2. c4 dxc4 3. Nf3 a6 4. e3 Bg4 5. Bxc4 e6 6. h3 Bh5 7. Nc3 Nf6 8. g4 Bg6 9. Nh4 Nfd7 10. Nxg6 hxg6 11. Bf1 c6 12. Bg2 Qc7 13. O-O Be7 14. Bd2 O-O 15. Rc1 e5 16. Nd5 Qd8 17. Nxe7+ Qxe7 18. Qb3 a5 19. Qxb7 Ra6 20. Rxc6 Rxc6 21. Bxc6 Nxc6 22. Qxc6 exd4 23. exd4 Qe2 24. Bc3 Nf6 25. Re1 Qd3 26. Kg2 Rd8 27. Re3 Qd1 28. Bxa5 Rxd4 29. Bc3 Rd8 30. Bxf6 gxf6 31. Re8+ Rxe8 32. Qxe8+ Kg7 33. Qb5 Qb1 34. a4 Qe4+ 35. Kg3 g5 36. a5 Qh1 37. Qd3 Qg1+ 38. Kf3 f5 39. Qxf5 Qh1+ 40. Ke2 1-0

[Event "Oakham House"]
[Site "Toronto CAN"]
[Date "1988.??.??"]
[Round "10"]
[White "Stopa, John Russell"]
[Black "Findlay, Ian"]
[Result "0-1"]
[WhiteElo "2290"]
[BlackElo "2355"]
[PlyCount "70"]
[GameId "2160767912520067"]
[EventDate "1988.12.30"]
[EventType "tourn"]
[EventRounds "11"]
[EventCountry "CAN"]
[SourceTitle "EXT 1997"]
[Source "ChessBase"]
[SourceDate "1996.11.15"]
[SourceVersion "1"]
[SourceVersionDate "1996.11.15"]
[SourceQuality "1"]

1. e4 c5 2. c3 d5 3. exd5 Qxd5 4. d4 Nf6 5. Nf3 e6 6. Bd3 cxd4 7. cxd4 Nc6 8. O-O Be7 9. Nc3 Qd6 10. Be3 O-O 11. Rc1 Nb4 12. Bb1 b6 13. Ne5 Bb7 14. a3 Nbd5 15. Nb5 Qd8 16. Bg5 a6 17. Nc3 Rc8 18. Ne2 Rxc1 19. Qxc1 Qd6 20. Qc2 Rc8 21. Qd3 g6 22. Ng3 Nc7 23. h4 Nb5 24. Be3 Qd5 25. f3 Nd7 26. Nxd7 Qxd7 27. h5 Bf6 28. a4 Nxd4 29. Ne4 Bg7 30. hxg6 hxg6 31. Nf2 Qxa4 32. Rd1 Rd8 33. b3 Nxf3+ 34. gxf3 Rxd3 35. bxa4 Rxe3 0-1

[Event "Oakham House"]
[Site "Toronto CAN"]
[Date "1988.12.??"]
[Round "10"]
[White "Stone, Raymond"]
[Black "Nickoloff, Bryon"]
[Result "1/2-1/2"]
[WhiteElo "2355"]
[BlackElo "2435"]
[PlyCount "70"]
[GameId "2160767912520068"]
[EventDate "1988.12.30"]
[EventType "tourn"]
[EventRounds "11"]
[EventCountry "CAN"]
[SourceTitle "EXT 88b"]

1. d4 Nf6 2. c4 e6 3. Nf3 Bb4+ 4. Bd2 c5 5. Bxb4 cxb4 6. e3 O-O 7. Bd3 d6 8. O-O Re8 9. a3 bxa3 10. Rxa3 Nc6 11. e4 e5 12. d5 Nb4 13. Nfd2 a5 14. Be2 Bd7 15. Nc3 Qb6 16. Qb3 Qc5 17. Raa1 b6 18. Qd1 Rac8 19. Nb3 Qc7 20. Qd2 Na6 21. Qe3 Nb4 22. Rfc1 Qb8 23. Nd2 Re7 24. Na2 Na6 25. b4 axb4 26. Rcb1 Nc5 27. Nxb4 Qc7 28. Rb2 Qd8 29. Rba2 Be8 30. h3 Rb7 31. Na6 Ra8 32. Nb4 Rbb8 33. Na6 Rb7 34. Nb4 Rbb8 35. Na6 Rb7 1/2-1/2

[Event "Oakham House"]
[Site "Toronto CAN"]
[Date "1988.??.??"]
[Round "11"]
[White "Findlay, Ian"]
[Black "Day, Lawrence"]
[Result "1/2-1/2"]
[WhiteElo "2355"]
[BlackElo "2375"]
[PlyCount "119"]
[GameId "2160767912520069"]
[EventDate "1988.12.30"]
[EventType "tourn"]
[EventRounds "11"]
[EventCountry "CAN"]
[SourceTitle "EXT 1997"]
[Source "ChessBase"]
[SourceDate "1996.11.15"]
[SourceVersion "1"]
[SourceVersionDate "1996.11.15"]
[SourceQuality "1"]

1. e4 e6 2. d4 a6 3. Nf3 b5 4. Bd3 Bb7 5. O-O d6 6. Re1 Nd7 7. c3 c5 8. a4 c4 9. Bc2 d5 10. Nbd2 Ngf6 11. e5 Ng8 12. Nf1 Be7 13. Ng3 h5 14. b4 cxb3 15. Bxb3 Nb6 16. axb5 axb5 17. Rxa8 Bxa8 18. h3 g6 19. Bc2 Bc6 20. Ne2 Kd7 21. Nf4 Nh6 22. g3 Nf5 23. h4 Qa8 24. Nh3 Na4 25. Bd2 Rc8 26. Nfg5 Nb2 27. Qf3 Nc4 28. Bc1 b4 29. Nf4 bxc3 30. Qxc3 Bxg5 31. hxg5 Ne7 32. Nd3 Qa5 33. Qxa5 Nxa5 34. Ba3 Bb5 35. Nc5+ Ke8 36. Rb1 Nc4 37. Bb4 Nc6 38. Nxe6 fxe6 39. Bxg6+ Kd7 40. Bc5 N6xe5 41. Bxh5 Kc6 42. Re1 Rh8 43. Bd1 Nb2 44. Rxe5 Nxd1 45. Rxe6+ Kc7 46. g6 Rg8 47. Re7+ Bd7 48. g7 Nc3 49. f3 Nb5 50. Kf2 Nd6 51. Re5 Kc6 52. Rg5 Nf5 53. Rg6+ Kb5 54. g4 Nxg7 55. f4 Be8 56. Rd6 Bf7 57. f5 Kc4 58. Rd7 Be6 59. fxe6 Nxe6 60. Kf3 1/2-1/2

[Event "Oakham House"]
[Site "Toronto CAN"]
[Date "1988.??.??"]
[Round "11"]
[White "Fuster, Geza"]
[Black "Stone, Raymond"]
[Result "0-1"]
[WhiteElo "2235"]
[BlackElo "2415"]
[PlyCount "50"]
[GameId "2160767912520070"]
[EventDate "1988.12.30"]
[EventType "tourn"]
[EventRounds "11"]
[EventCountry "CAN"]
[SourceTitle "EXT 1997"]
[Source "ChessBase"]
[SourceDate "1996.11.15"]
[SourceVersion "1"]
[SourceVersionDate "1996.11.15"]
[SourceQuality "1"]

1. Nf3 c5 2. c4 Nf6 3. g3 b6 4. Bg2 Bb7 5. O-O e6 6. Nc3 Be7 7. d4 cxd4 8. Nb5 d6 9. Nbxd4 O-O 10. Ne1 Bxg2 11. Nxg2 Qc7 12. Ne3 a6 13. b4 Nc6 14. Nxc6 Qxc6 15. Bb2 Rfd8 16. Rc1 Ne8 17. Qb3 b5 18. Rc2 Qb7 19. Rfc1 Rdb8 20. a3 bxc4 21. Qxc4 a5 22. bxa5 Rxa5 23. Qd3 d5 24. Be5 Rxa3 25. Bxb8 Rxd3 0-1

[Event "Oakham House"]
[Site "Toronto CAN"]
[Date "1988.??.??"]
[Round "11"]
[White "Nickoloff, Bryon"]
[Black "Stopa, John Russell"]
[Result "0-1"]
[WhiteElo "2390"]
[BlackElo "2290"]
[PlyCount "84"]
[GameId "2160767912520072"]
[EventDate "1988.12.30"]
[EventType "tourn"]
[EventRounds "11"]
[EventCountry "CAN"]
[SourceTitle "EXT 1997"]
[Source "ChessBase"]
[SourceDate "1996.11.15"]
[SourceVersion "1"]
[SourceVersionDate "1996.11.15"]
[SourceQuality "1"]

1. d4 d5 2. c4 c6 3. Nf3 Nf6 4. Qb3 dxc4 5. Qxc4 Bf5 6. g3 e6 7. Bg2 Nbd7 8. O-O Be7 9. Nc3 O-O 10. Rd1 Bc2 11. e3 Bxd1 12. Nxd1 Qb6 13. Nc3 Qb4 14. Qe2 Nd5 15. Qc2 Nxc3 16. bxc3 Qa5 17. Rb1 b6 18. Nd2 Rac8 19. c4 Ba3 20. Nb3 Qa4 21. Bd2 c5 22. d5 exd5 23. Bxd5 Nf6 24. Bf3 Rfd8 25. e4 b5 26. Ba5 Re8 27. Bc3 bxc4 28. e5 Nd7 29. Nd4 Qxc2 30. Nxc2 Bb4 31. Nxb4 cxb4 32. Rxb4 Nxe5 33. Bb7 Nd3 34. Rb5 Rc5 35. Ba6 Rxb5 36. Bxb5 Rc8 37. Bd4 Nc1 38. Bxa7 Nxa2 39. Be3 c3 40. Ba6 Rc6 41. Bb7 Rc7 42. Bd5 Nb4 0-1

[Event "Ontario-ch"]
[Site "Toronto CAN"]
[Date "1988.04.30"]
[Round "1"]
[White "Bailey, Doug"]
[Black "Stone, Raymond"]
[Result "1-0"]
[WhiteElo "2391"]
[BlackElo "2374"]
[PlyCount "61"]
[GameId "2160767912586340"]
[EventDate "1988.04.30"]
[EventType "tourn"]
[EventRounds "9"]
[EventCountry "CAN"]
[SourceTitle "Chess Chat 1988.05"]

1. e4 c5 2. Nf3 e6 3. d4 cxd4 4. Nxd4 Nf6 5. Nc3 d6 6. g4 Be7 7. g5 Nfd7 8. Be3 Nc6 9. h4 O-O 10. Qd2 a6 11. O-O-O Nxd4 12. Qxd4 b5 13. h5 Bxg5 14. h6 Bf6 15. Qxd6 g6 16. f4 Nb8 17. Qc5 Be7 18. Qe5 f6 19. Rxd8 fxe5 20. Rxf8+ Bxf8 21. fxe5 Nc6 22. Bh3 Nxe5 23. Rd1 Be7 24. Kb1 Kf7 25. Rf1+ Ke8 26. b3 Bd7 27. Ne2 Nc6 28. Nf4 Nd8 29. e5 Rc8 30. Bg4 Bf8 31. Nh5 1-0

[Event "Ontario-ch"]
[Site "Toronto CAN"]
[Date "1988.04.30"]
[Round "1"]
[White "Husain, Imtiaz"]
[Black "Dean, Andrew"]
[Result "1-0"]
[WhiteElo "2157"]
[BlackElo "1785"]
[PlyCount "89"]
[GameId "2160767912586341"]
[EventDate "1988.04.30"]
[EventType "tourn"]
[EventRounds "9"]
[EventCountry "CAN"]
[SourceTitle "Chess Chat 1988.05"]

1. d4 e6 2. c4 d5 3. Nf3 Nf6 4. g3 c5 5. Bg2 Nc6 6. O-O Be7 7. cxd5 exd5 8. dxc5 Bxc5 9. Bg5 O-O 10. Bxf6 Qxf6 11. Qxd5 Qxb2 12. Nbd2 Bb6 13. Rab1 Be6 14. Qh5 Qf6 15. Ng5 h6 16. Nxe6 Qxe6 17. Bd5 Qe5 18. Qxe5 Nxe5 19. Bxb7 Rab8 20. Ba6 Ng4 21. h3 Ne3 22. Rfc1 Rfd8 23. Bd3 Rbc8 24. Rxc8 Rxc8 25. Rxb6 axb6 26. fxe3 b5 27. Kf2 Rb8 28. Bb1 Kf8 29. Ke1 Rc8 30. Nb3 b4 31. Kd2 Ke7 32. Bc2 Ra8 33. Nc1 Kd6 34. Bb3 f6 35. Nd3 Rb8 36. e4 g5 37. Ke3 Kc6 38. Kd4 Kb5 39. Kd5 Re8 40. Bc4+ Ka5 41. Kd4 Rd8+ 42. Bd5 Kb5 43. e5 fxe5+ 44. Nxe5 Re8 45. Bc6+ 1-0

[Event "Ontario-ch"]
[Site "Toronto CAN"]
[Date "1988.04.30"]
[Round "1"]
[White "Pacey, Kevin"]
[Black "Campbell, Brett"]
[Result "0-1"]
[WhiteElo "2242"]
[BlackElo "2312"]
[PlyCount "130"]
[GameId "2160767912586343"]
[EventDate "1988.04.30"]
[EventType "tourn"]
[EventRounds "9"]
[EventCountry "CAN"]
[SourceTitle "EXT 2022"]
[Source "ChessBase"]
[SourceDate "2021.10.06"]
[SourceVersion "1"]
[SourceVersionDate "2021.10.06"]
[SourceQuality "1"]

1. e4 Nc6 2. Nf3 d6 3. Bb5 a6 4. Ba4 b5 5. Bb3 Na5 6. d4 Nf6 7. Nbd2 e6 8. O-O Bb7 9. Re1 Be7 10. c4 bxc4 11. Bxc4 Nxc4 12. Qa4+ Kf8 13. Qxc4 Nxe4 14. Nxe4 Bxe4 15. Qc3 Bd5 16. Bf4 g5 17. Bd2 h5 18. Rec1 g4 19. Ne1 Bf6 20. Be3 c5 21. Qd2 c4 22. b3 cxb3 23. axb3 Bxb3 24. Qd3 Bd5 25. Rxa6 Rxa6 26. Qxa6 Kg7 27. Bf4 Bxd4 28. Bxd6 Qf6 29. Qe2 e5 30. Bb4 Ra8 31. Bd2 Ra2 32. Rc2 Ra3 33. Rc8 g3 34. hxg3 Rxg3 35. Be3 Bxe3 36. fxe3 Qg5 37. e4 Re3 38. Nf3 Rxe2 39. Nxg5 Bxe4 40. Nxe4 Rxe4 41. Re8 f6 42. Kf2 h4 43. Ra8 Rf4+ 44. Ke2 Kg6 45. Rh8 Kf5 46. Ke3 Rg4 47. Kf3 e4+ 48. Kf2 Kf4 49. Re8 f5 50. Re7 e3+ 51. Kf1 h3 52. gxh3 Rg3 53. h4 Rh3 54. Ke2 Rh2+ 55. Kd3 Rd2+ 56. Kc3 Rd5 57. Ra7 Kg4 58. Re7 f4 59. Kc4 Rh5 60. Kd4 Kf3 61. Ra7 Rxh4 62. Ra1 Kf2 63. Kd3 e2 64. Ra2 f3 65. Rc2 Kf1 0-1

[Event "Ontario-ch"]
[Site "Toronto CAN"]
[Date "1988.05.01"]
[Round "2"]
[White "Dean, Andrew"]
[Black "Coakley, Jeff"]
[Result "0-1"]
[WhiteElo "1785"]
[BlackElo "2235"]
[PlyCount "68"]
[GameId "2160767912586344"]
[EventDate "1988.04.30"]
[EventType "tourn"]
[EventRounds "9"]
[EventCountry "CAN"]
[SourceTitle "Chess Chat 1988.05"]

1. e4 d5 2. exd5 Qxd5 3. Nc3 Qa5 4. d4 Nf6 5. Nf3 c6 6. Bd2 Bf5 7. Bc4 e6 8. O-O Qc7 9. Ne5 Nbd7 10. Bf4 Bd6 11. Re1 O-O 12. Qe2 Nb6 13. Bd3 Bxd3 14. Qxd3 Nbd5 15. Bg3 Rad8 16. Ne4 Nxe4 17. Qxe4 Nf6 18. Qf3 Nd7 19. Nxd7 Rxd7 20. Bxd6 Rxd6 21. c3 Rd5 22. Re2 Rfd8 23. Rae1 c5 24. dxc5 Qxc5 25. h3 h6 26. b3 b5 27. Qe3 Qc7 28. Rc2 Rd1 29. Qe2 Rxe1+ 30. Qxe1 Rd5 31. g3 Qd6 32. Kg2 Rd1 33. Qe2 Qd5+ 34. Qf3 Rg1+ 0-1

[Event "Ontario-ch"]
[Site "Toronto CAN"]
[Date "1988.05.01"]
[Round "2"]
[White "Stone, Raymond"]
[Black "Pacey, Kevin"]
[Result "1-0"]
[WhiteElo "2374"]
[BlackElo "2242"]
[PlyCount "87"]
[GameId "2160767912586347"]
[EventDate "1988.04.30"]
[EventType "tourn"]
[EventRounds "9"]
[EventCountry "CAN"]
[SourceTitle "EXT 2022"]
[Source "ChessBase"]
[SourceDate "2021.10.06"]
[SourceVersion "1"]
[SourceVersionDate "2021.10.06"]
[SourceQuality "1"]

1. d4 Nf6 2. c4 e6 3. Nf3 Bb4+ 4. Bd2 Bxd2+ 5. Qxd2 O-O 6. Nc3 d6 7. g3 Qe7 8. Bg2 e5 9. O-O Re8 10. e4 a5 11. h3 Be6 12. b3 Na6 13. Rfe1 exd4 14. Nxd4 Nc5 15. Re3 a4 16. b4 Ncd7 17. Nd5 Qd8 18. Nb5 Rc8 19. Rc1 Nf8 20. Qd1 N6d7 21. Qxa4 Bxd5 22. cxd5 f5 23. Qb3 fxe4 24. Bxe4 Qg5 25. Rxc7 Rxc7 26. Nxc7 Rxe4 27. Rxe4 Qc1+ 28. Kg2 Qxc7 29. Qc4 Qd8 30. Qb5 Nf6 31. Re2 Qc8 32. Re7 N8d7 33. a4 Kf8 34. Re2 Ne5 35. f4 Nc4 36. Kh2 Na3 37. Qd3 Qc1 38. Qe3 Qa1 39. Qe7+ Kg8 40. Qd8+ Kf7 41. f5 Ne4 42. Qd7+ Kf8 43. Qc8+ Kf7 44. Qe6+ 1-0

[Event "Ontario-ch"]
[Site "Toronto CAN"]
[Date "1988.05.02"]
[Round "3"]
[White "Bailey, Doug"]
[Black "Dean, Andrew"]
[Result "1-0"]
[WhiteElo "2391"]
[BlackElo "1785"]
[PlyCount "43"]
[GameId "2160767912586348"]
[EventDate "1988.04.30"]
[EventType "tourn"]
[EventRounds "9"]
[EventCountry "CAN"]
[SourceTitle "Chess Chat 1988.05"]

1. e4 e6 2. d4 d5 3. Nc3 Bb4 4. e5 c5 5. a3 Bxc3+ 6. bxc3 Ne7 7. a4 Nbc6 8. Nf3 Qa5 9. Qd2 Bd7 10. Bd3 Rc8 11. O-O cxd4 12. cxd4 Qxd2 13. Bxd2 Nf5 14. Bxf5 exf5 15. Rfb1 b6 16. a5 b5 17. Rxb5 Nxe5 18. Rxd5 Nxf3+ 19. gxf3 Rxc2 20. Rb1 Rc8 21. Re5+ Kf8 22. Rb7 1-0

[Event "Ontario-ch"]
[Site "Toronto CAN"]
[Date "1988.05.02"]
[Round "3"]
[White "Campbell, Brett"]
[Black "Stone, Raymond"]
[Result "1/2-1/2"]
[WhiteElo "2312"]
[BlackElo "2374"]
[PlyCount "31"]
[GameId "2160767912586349"]
[EventDate "1988.04.30"]
[EventType "tourn"]
[EventRounds "9"]
[EventCountry "CAN"]
[SourceTitle "Chess Chat 1988.05"]

1. b3 b6 2. Bb2 Bb7 3. f4 Nf6 4. e3 g6 5. Nf3 Bg7 6. g4 d6 7. g5 Nh5 8. Bxg7 Nxg7 9. Bg2 Nd7 10. Qe2 e5 11. fxe5 dxe5 12. Nxe5 Bxg2 13. Qxg2 Nxe5 14. Qe4 O-O 15. Qxe5 Re8 16. Qf6 1/2-1/2

[Event "Ontario-ch"]
[Site "Toronto CAN"]
[Date "1988.05.02"]
[Round "3"]
[White "Coakley, Jeff"]
[Black "O'Donnell, Tom"]
[Result "1/2-1/2"]
[WhiteElo "2235"]
[BlackElo "2408"]
[PlyCount "81"]
[GameId "2160767912586350"]
[EventDate "1988.04.30"]
[EventType "tourn"]
[EventRounds "9"]
[EventCountry "CAN"]
[SourceTitle "Chess Chat 1988.05"]

1. b4 e5 2. Bb2 Bxb4 3. Bxe5 Nf6 4. c3 Be7 5. e3 d5 6. d4 Bf5 7. Bd3 Bxd3 8. Qxd3 O-O 9. Nd2 Nc6 10. Bg3 Na5 11. Ngf3 c5 12. O-O Rc8 13. Rfc1 Qd7 14. Bh4 Rfd8 15. Ne5 Qe6 16. Qb5 b6 17. Nb3 Nc4 18. Nxc4 dxc4 19. Nd2 cxd4 20. exd4 Ba3 21. Re1 Qd5 22. Qxd5 Rxd5 23. Bxf6 gxf6 24. Ne4 Rc6 25. Re3 b5 26. Rb1 a5 27. Nd2 b4 28. Nf3 Re6 29. Kf1 Rb5 30. cxb4 Rxe3 31. fxe3 axb4 32. Ke2 Rb8 33. Ne1 c3 34. Kd3 Kg7 35. Nc2 Bb2 36. Kc4 f5 37. Rf1 Kg6 38. Rf3 Ra8 39. Kb3 Rb8 40. Rg3+ Kf6 41. Rf3 1/2-1/2

[Event "Ontario-ch"]
[Site "Toronto CAN"]
[Date "1988.05.03"]
[Round "4"]
[White "Dean, Andrew"]
[Black "Pacey, Kevin"]
[Result "1-0"]
[WhiteElo "1785"]
[BlackElo "2242"]
[PlyCount "95"]
[GameId "2160767912586352"]
[EventDate "1988.04.30"]
[EventType "tourn"]
[EventRounds "9"]
[EventCountry "CAN"]
[SourceTitle "EXT 2022"]
[Source "ChessBase"]
[SourceDate "2021.10.06"]
[SourceVersion "1"]
[SourceVersionDate "2021.10.06"]
[SourceQuality "1"]

1. e4 d6 2. d4 Nf6 3. Nc3 g6 4. f4 Bg7 5. Nf3 O-O 6. Bd3 Nc6 7. O-O Bg4 8. Be3 e5 9. dxe5 dxe5 10. h3 Bxf3 11. Qxf3 exf4 12. Bxf4 Nh5 13. Be3 Nd4 14. Qf2 Be5 15. Nd5 Bg3 16. Qd2 Qd6 17. Bxd4 Bh2+ 18. Kf2 c6 19. Qe3 cxd5 20. e5 Qe7 21. g4 Nf4 22. Rh1 Qh4+ 23. Kf1 Bg3 24. Rd1 Rae8 25. Bb5 Re6 26. Bc5 Rd8 27. Rd4 f6 28. Rxf4 Rxe5 29. Qd2 Bxf4 30. Qxf4 d4 31. Bc4+ Kg7 32. Bb4 Rc8 33. Bd3 Re3 34. Kg2 Rce8 35. Qf2 Qxf2+ 36. Kxf2 R8e5 37. Bd2 Rxd3 38. cxd3 Rb5 39. b3 h5 40. Rg1 hxg4 41. hxg4 a5 42. Rc1 a4 43. b4 b6 44. Rc7+ Kf8 45. Rd7 f5 46. Rxd4 fxg4 47. Rxg4 Kf7 48. Rg5 1-0

[Event "Ontario-ch"]
[Site "Toronto CAN"]
[Date "1988.05.03"]
[Round "4"]
[White "Husain, Imtiaz"]
[Black "Coakley, Jeff"]
[Result "1-0"]
[WhiteElo "2157"]
[BlackElo "2235"]
[PlyCount "97"]
[GameId "2160767912586354"]
[EventDate "1988.04.30"]
[EventType "tourn"]
[EventRounds "9"]
[EventCountry "CAN"]
[SourceTitle "Chess Chat 1988.05"]

1. b3 e5 2. Bb2 d6 3. g3 f5 4. Bg2 Nf6 5. e3 c6 6. Ne2 Be7 7. d4 Nbd7 8. c4 O-O 9. O-O Qe8 10. Qc2 Nh5 11. c5 e4 12. cxd6 Bxd6 13. Nd2 Nb6 14. Nc4 Nxc4 15. bxc4 Nf6 16. a4 Kh8 17. a5 Be6 18. Nf4 Bxf4 19. exf4 Qf7 20. Rfc1 Rad8 21. Ba3 Rxd4 22. Bxf8 Qxf8 23. Qb2 Rd7 24. Rd1 Qc8 25. Bf1 h6 26. Qe5 Re7 27. Qc5 Rc7 28. Qxa7 c5 29. Rd6 Bd7 30. Rb6 Kh7 31. Rb2 Be8 32. Qb6 Bd7 33. Rab1 Ng8 34. Qd6 Rc6 35. Qd2 Rc7 36. a6 Bc6 37. a7 Rd7 38. Qa5 Qa8 39. Qxc5 Ne7 40. Ra2 Nc8 41. Qxf5+ g6 42. Qf8 b6 43. Bh3 Rc7 44. f5 Nxa7 45. fxg6+ Kxg6 46. Bf5+ Kh5 47. g4+ Kg5 48. h4+ Kf4 49. Qd6+ 1-0

[Event "Ontario-ch"]
[Site "Toronto CAN"]
[Date "1988.05.03"]
[Round "4"]
[White "O'Donnell, Tom"]
[Black "Bailey, Doug"]
[Result "1-0"]
[WhiteElo "2408"]
[BlackElo "2422"]
[PlyCount "61"]
[GameId "2160767912586355"]
[EventDate "1988.04.30"]
[EventType "tourn"]
[EventRounds "9"]
[EventCountry "CAN"]
[SourceTitle "CFC 1988.08"]

1. e4 c5 2. c3 Nf6 3. e5 Nd5 4. d4 cxd4 5. Nf3 Nc6 6. Bc4 Nb6 7. Bb3 d6 8. exd6 Qxd6 9. O-O Be6 10. Na3 O-O-O 11. Nb5 Qd7 12. Bf4 Bg4 13. cxd4 Qf5 14. Nxa7+ Nxa7 15. Qc1+ Nc6 16. Ne5 Rd6 17. f3 Bh5 18. g4 Bxg4 19. fxg4 Qe4 20. Nxf7 Rg6 21. Nxh8 Rxg4+ 22. Bg3 Qxd4+ 23. Rf2 Nd7 24. Qd1 g6 25. Be6 Rxg3+ 26. hxg3 Bg7 27. Nf7 Kc7 28. Qxd4 Bxd4 29. Bxd7 Kxd7 30. Rd1 Ke8 31. Ng5 1-0

[Event "Ontario-ch"]
[Site "Toronto CAN"]
[Date "1988.05.04"]
[Round "5"]
[White "Campbell, Brett"]
[Black "Dean, Andrew"]
[Result "1/2-1/2"]
[WhiteElo "2312"]
[BlackElo "1785"]
[PlyCount "98"]
[GameId "2160767912586357"]
[EventDate "1988.04.30"]
[EventType "tourn"]
[EventRounds "9"]
[EventCountry "CAN"]
[SourceTitle "Chess Chat 1988.05"]

1. c4 e6 2. g3 Nf6 3. Bg2 d5 4. Nf3 Be7 5. b3 O-O 6. Bb2 b6 7. O-O Bb7 8. d4 c5 9. e3 dxc4 10. bxc4 cxd4 11. exd4 Qc7 12. Nbd2 Rd8 13. Re1 Nc6 14. Rc1 Rac8 15. d5 exd5 16. cxd5 Nxd5 17. Nd4 Qd7 18. Nxc6 Rxc6 19. Nc4 Re6 20. Ne5 Qe8 21. Bh3 Nf4 22. Bxe6 Rxd1 23. Bxf7+ Qxf7 24. Nxf7 Ne2+ 25. Kf1 Rxc1 26. Bxc1 Ba6 27. Nh6+ gxh6 28. Rxe2 Bxe2+ 29. Kxe2 h5 30. Kd3 Kf7 31. Ke4 Ke6 32. f4 b5 33. f5+ Kf7 34. Bd2 b4 35. h3 a5 36. Kd5 a4 37. Kc4 b3 38. axb3 axb3 39. Bc3 Bf6 40. Kxb3 Bxc3 41. Kxc3 Kf6 42. Kd4 Kxf5 43. Ke3 h4 44. g4+ Kg5 45. Ke4 h5 46. gxh5 Kxh5 47. Kf4 Kh6 48. Kg4 Kh7 49. Kxh4 Kh6 1/2-1/2